<?xml version="1.0" encoding="UTF-8"?>
<collection xmlns="http://www.loc.gov/MARC21/slim">
 <record>
  <leader>01771nam a2200217Ia 4500</leader>
  <controlfield tag="001">CTU_18059</controlfield>
  <controlfield tag="008">210402s9999    xx            000 0 und d</controlfield>
  <datafield tag="020" ind1=" " ind2=" ">
   <subfield code="c">16000</subfield>
  </datafield>
  <datafield tag="082" ind1=" " ind2=" ">
   <subfield code="a">624.151</subfield>
  </datafield>
  <datafield tag="082" ind1=" " ind2=" ">
   <subfield code="b">B450</subfield>
  </datafield>
  <datafield tag="110" ind1=" " ind2=" ">
   <subfield code="a">Trường Đại học kiến trúc Hà Nội</subfield>
  </datafield>
  <datafield tag="110" ind1=" " ind2=" ">
   <subfield code="b">Bộ môn Địa chất, Cơ đất, Nền móng</subfield>
  </datafield>
  <datafield tag="245" ind1=" " ind2="0">
   <subfield code="a">Bài giảng môn học địa chất công trình :</subfield>
  </datafield>
  <datafield tag="245" ind1=" " ind2="0">
   <subfield code="b">Dùng cho ngành xây dựng</subfield>
  </datafield>
  <datafield tag="245" ind1=" " ind2="0">
   <subfield code="c">Trường Đại học kiến trúc Hà Nội. Bộ môn Địa chất, cơ đất, nền móng</subfield>
  </datafield>
  <datafield tag="260" ind1=" " ind2=" ">
   <subfield code="a">Hà Nội</subfield>
  </datafield>
  <datafield tag="260" ind1=" " ind2=" ">
   <subfield code="b">Xây Dựng</subfield>
  </datafield>
  <datafield tag="260" ind1=" " ind2=" ">
   <subfield code="c">1995</subfield>
  </datafield>
  <datafield tag="520" ind1=" " ind2=" ">
   <subfield code="a">Sách cung cấp những kiến thức nghiên cứu về điều kiện địa chất cho xây dựng các công trình khác nhau như: nghiên cứu thành phần, cấu tạo và tính chất cơ - lý các loại đất đá khác nhau, nghiên cứu các quá trình địa chất và ảnh hưởng của chúng đến xây dựng công trình, nghiên cứu điều kiện xây dựng các công trình khác nhau (công trình công nghiệp vụ, dân dụng, cầu đường, thủy điện, công trình ngầm...) trong các điều kiện địa chất khác nhau, cung cấp các biện pháp khảo sát địa chất công trình phục vụ cho thiết kế, xây dựng công trình và sử dụng lãnh thổ, nghiên cứu điều kiện địa chất công trình từng vùng, từng khu vực</subfield>
  </datafield>
  <datafield tag="650" ind1=" " ind2=" ">
   <subfield code="a">Engineering geology,Soil mechanics</subfield>
  </datafield>
  <datafield tag="980" ind1=" " ind2=" ">
   <subfield code="a">Trung tâm Học liệu Trường Đại học Cần Thơ</subfield>
  </datafield>
 </record>
</collection>
